Les 10 plus grandes communes de France par superficie - Statistiques

Statistiques générales
  • Ce quiz a été pris 41 fois
  • Le résultat moyen est 3 sur 10
Statistiques - réponses
Superficie (km²) Département Indice Réponse % Correct
240,62 13 Ville méditerranéenne fondée par les Phocéens. Marseille
90%
758,93 13 Ville antique située là où commence le delta du Rhône, sa commune s'étend sur une grande partie de la Camargue. Arles
73%
374,61 13 Cette station balnéaire recouvre une grande partie de la Camargue dont elle est la capitale. Saintes-Maries-de-la-Mer
30%
241,54 49 Commune du nord-ouest du Maine-et-Loire dont le nom évoque les ardoisières et les rivières. Segré-en-Anjou Bleu
15%
408,05 73 Village de Savoie dont le territoire communal accueille un grand domaine skiable composé de trois station de sports d'hiver. Val-Cenis
15%
323,98 49 Située au sud-ouest du Maine-et-Loire, elle accueille un jardin présentant plus de 600 espèces de plantes médicinales. Chemillé-en-Anjou
13%
230,45 49 Commune située dans les Mauges, territoire à forte identité historique et religieuse au nord de Cholet. Beaupréau-en-Mauges
10%
248,96 64 Commune des Pyrénées-Atlantiques limitrophe de l'Espagne dans la vallée d'Ossau à 40 km au sud de Pau. Laruns
8%
268,16 49 Commune du Beaugeois située dans le nord-ouest du Maine-et-Loire dont le château est inscrit aux monument historiques. Baugé-en-Anjou
5%
299,45 49 Commune nouvelle née de la fusion de 14 communes située à 30 km au nord de Saumur. Noyant-Villages
3%
Aucun quiz correspondant
Distribution des résultats
% des personnes avec chaque résultat
Percentile par nombre de réponses
Votre historique - résultats
Vous n’avez pas pris ce quiz